Normal view
MARC view
Entry Personal Name
001 - CONTROL NUMBER
- control field: 1128961
003 - CONTROL NUMBER IDENTIFIER
- control field: OSt
005 - DATE AND TIME OF LATEST TRANSACTION
- control field: 20260306163609.0
008 - FIXED-LENGTH DATA ELEMENTS
- fixed length control field: 260306|| aca||aabn | a|a d
040 ## - CATALOGING SOURCE
- Original cataloging agency: OSt
- Transcribing agency: OSt
100 ## - HEADING--PERSONAL NAME
- Personal name: Halegoua
670 ## - SOURCE DATA FOUND
- Source citation: Work cat.: (OSt)1710737: Halegoua, The Digital City: Media And The Social Production Of Place
